World Cup Group Stage Goalscorers 1998 - Statistics

General Stats
  • This quiz has been taken 12 times
  • The average score is 42 of 126
Answer Stats
Group Nation Score Player % Correct
H Argentina 1-0 Gabriel Batistuta
88%
H Argentina 3-0 Gabriel Batistuta
88%
H Argentina 4-0 Gabriel Batistuta
88%
H Argentina 5-0 Gabriel Batistuta
88%
A Brazil 1-0 Ronaldo
88%
C France 3-0 Thierry Henry
88%
C France 1-0 Thierry Henry
88%
C France 3-0 Thierry Henry
88%
B Italy 1-0 Christian Vieri
75%
B Italy 2-0 Christian Vieri
75%
B Italy 3-0 Christian Vieri
75%
B Italy 1-0 Christian Vieri
75%
G England 2-0 David Beckham
75%
H Croatia 3-1 Davor Suker
75%
H Croatia 1-0 Davor Suker
75%
E Netherlands 3-0 Dennis Bergkamp
75%
G England 1-1 Michael Owen
75%
E Netherlands 5-0 Ronald de Boer
75%
E Netherlands 2-0 Ronald de Boer
75%
G England 1-0 Alan Shearer
63%
C France 2-0 David Trezeguet
63%
C France 2-1 Emmanuel Petit
63%
F Germany 2-0 Jurgen Klinsmann
63%
F Germany 2-0 Jurgen Klinsmann
63%
G England 2-0 Paul Scholes
63%
A Brazil 3-0 Bebeto
50%
A Brazil 1-0 Bebeto
50%
C France 1-0 Christophe Dugarry
50%
D Spain 1-0 Fernando Hierro
50%
D Spain 1-0 Fernando Hierro
50%
B Italy 1-0 Luigi Di Baggio
50%
E Netherlands 2-0 Marc Overmars
50%
C Denmark 1-1 Michael Laudrup
50%
D Spain 2-1 Raul
50%
A Brazil 2-0 Rivaldo
50%
B Italy 2-2 Roberto Baggio
50%
B Italy 2-0 Roberto Baggio
50%
C South Africa 1-1 Benni McCarthy
38%
G Romania 2-1 Daniel Petrescu
38%
D Spain 3-0 Fernando Morientes
38%
D Spain 4-1 Fernando Morientes
38%
A Norway 1-0 Havard Flo
38%
B Austria 1-1 Ivica Vastic
38%
E Mexico 2-1 Luis Hernandez
38%
E Mexico 3-1 Luis Hernandez
38%
E Mexico 2-2 Luis Hernandez
38%
A Morocco 1-0 Mustapha Hadji
38%
F Germany 2-2 Oliver Bierhoff
38%
F Germany 1-0 Oliver Bierhoff
38%
E Netherlands 1-0 Phillip Cocu
38%
E Netherlands 1-0 Phillip Cocu
38%
A Norway 1-1 Tore Andre Flo
38%
C France 1-0 Youri Djorkaeff
38%
A Morocco 2-1 Abdeljalil Hadda
25%
A Morocco 2-0 Abdeljalil Hadda
25%
C Denmark 1-0 Allan Nielsen
25%
B Austria 2-1 Andreas Herzog
25%
F Germany 1-0 Andreas Moller
25%
B Austria 1-1 Anton Polster
25%
H Argentina 1-0 Ariel Ortega
25%
H Argentina 2-0 Ariel Ortega
25%
A Brazil 1-0 Cesar Sampaio
25%
A Scotland 1-1 Craig Burley
25%
A Norway 2-2 Dan Eggen
25%
G England 1-0 Darren Anderton
25%
F FR Yugoslavia 2-0 Dragan Stojkovic
25%
B Cameroon 1-1 Henri Mboma
25%
A Scotland 1-1 John Collins
25%
B Chile 1-1 Jose Salas
25%
B Chile 2-1 Jose Salas
25%
B Chile 1-0 Jose Salas
25%
B Chile 1-0 Jose Sierra
25%
A Norway 2-1 Kjetil Rekdal
25%
D Spain 2-0 Luis Enrique
25%
C Denmark 1-0 Marc Rieper
25%
E Belgium 1-0 Marc Wilmots
25%
E Belgium 2-0 Marc Wilmots
25%
C South Africa (OG) 2-0 Pierre Issa
25%
B Cameroon 1-0 Pierre Njanka
25%
F FR Yugoslavia 1-0 Predrag Mijatovic
25%
H Jamaica 1-1 Robert Earle
25%
H Croatia 2-1 Robert Prosinecki
25%
A Morocco 1-0 Salaheddine Bassir
25%
A Morocco 3-0 Salaheddine Bassir
25%
A Scotland (OG) 2-1 Thomas Boyd
25%
A Morocco (OG) 1-1 Youssef Chippo
25%
E Mexico 2-1 Alberto Garcia Aspe
13%
D Spain (OG) 2-2 Andoni Zubizarreta
13%
C France 4-0 Bixente Lizarau
13%
G Romania 1-0 Bucurel Ilie
13%
E Mexico 2-2 Cuauhtemoc Blanco
13%
D Bulgaria 3-1 Emil Kostadinov
13%
E South Korea 1-0 Ha Seok-ju
13%
D Paraguay 3-1 Jose Cardozo
13%
D Spain 6-1 Kiko
13%
G Colombia 1-0 Leider Preciado
13%
E Belgium 1-0 Luc Nilis
13%
H Croatia 1-0 Mario Stanic
13%
H Japan 2-1 Masashi Nakayama
13%
D Nigeria 1-1 Mutiu Adepoju
13%
E Netherlands 4-0 Petrus van Hooijdonk
13%
C Saudi Arabia 1-1 Sami Al-Jaber
13%
C South Africa 1-0 Shaun Bartlett
13%
C South Africa 2-2 Shaun Bartlett
13%
D Nigeria 3-2 Sunday Oliseh
13%
H Jamaica 1-0 Theodore Whitmore
13%
H Jamaica 2-0 Theodore Whitmore
13%
D Nigeria 1-0 Victor Ikpeba
13%
G Romania 1-0 Viorel Moldovan
13%
G Romania 1-1 Viorel Moldovan
13%
F USA 2-1 Brian McBride
0%
D Paraguay 1-0 Celso Ayala
0%
D Bulgaria (OG) 5-1 Georgi Bachev
0%
F Iran 1-0 Hamid Estili
0%
H Argentina 1-0 Mauricio Pineda
0%
F Iran 2-0 Mehdi Mahdavikia
0%
D Paraguay 2-1 Miguel Benitez
0%
E Mexico 1-1 Ricardo Pelaez
0%
E Mexico 2-1 Ricardo Pelaez
0%
F FR Yugoslavia 1-0 Sinisa Mihajlovic
0%
F FR Yugoslavia (OG) 2-1 Sinisa Mihajlovic
0%
G Tunisia 1-0 Skander Souayah
0%
F FR Yugoslavia 2-1 Slobodan Komljenovic
0%
D Nigeria 1-1 Wilson Oruma
0%
E South Korea 1-1 Yoo Sang-chul
0%
C Saudi Arabia 2-1 Yousuf Al-Thunayan
0%
No matching quizzes found
Score Distribution
Percent of People with Each Score
Percentile by Number Answered
Your Score History
You have not taken this quiz